أثر ممارسات المسؤولية الاجتماعية على الأداء التنظيمي في مراكز تأهيل الأطفال ذوي الاحتياجات الخاصة بالقطاع الصحي / (Record no. 177653)

MARC details
000 -LEADER
fixed length control field 05561namaa22004331i 4500
003 - CONTROL NUMBER IDENTIFIER
control field OSt
005 - أخر تعامل مع التسجيلة
control field 20260124123139.0
008 - FIXED-LENGTH DATA ELEMENTS--GENERAL INFORMATION
fixed length control field 250827s2024 ua a|||frm||| 000 0 eng d
040 ## - CATALOGING SOURCE
Original cataloguing agency EG-GICUC
Language of cataloging ara
Transcribing agency EG-GICUC
Modifying agency EG-GICUC
Description conventions rda
041 0# - LANGUAGE CODE
Language code of text/sound track or separate title ara
Language code of summary or abstract ara
-- eng
049 ## - Acquisition Source
Acquisition Source إيداع
082 04 - DEWEY DECIMAL CLASSIFICATION NUMBER
Classification number 658.408
092 ## - LOCALLY ASSIGNED DEWEY CALL NUMBER (OCLC)
Classification number 658.408
Edition number 21
097 ## - Degree
Degree مــــاجستير
099 ## - LOCAL FREE-TEXT CALL NUMBER (OCLC)
Local Call Number Cai01.05.01.M.Sc.2024.رن.أ
100 0# - MAIN ENTRY--PERSONAL NAME
Authority record control number or standard number ،رنا مجدي مصطفى محمود
Preparation إعداد.
245 10 - TITLE STATEMENT
Title أثر ممارسات المسؤولية الاجتماعية على الأداء التنظيمي في مراكز تأهيل الأطفال ذوي الاحتياجات الخاصة بالقطاع الصحي /
Statement of responsibility, etc. إعداد رنا مجدي مصطفى محمود؛ إشراف د. رغدة أبو السعود أحمد يونس، د. هند محمد نجيب.
246 15 - VARYING FORM OF TITLE
Title proper/short title The impact of corporate social responsibility practices on organizational performance in rehabilitation centers for children with special needs in the health sector /
264 #0 - PRODUCTION, PUBLICATION, DISTRIBUTION, MANUFACTURE, AND COPYRIGHT NOTICE
Date of production, publication, distribution, manufacture, or copyright notice 2024.
300 ## - PHYSICAL DESCRIPTION
Extent 166 صفحة :
Other physical details إيضاحيات ؛
Dimensions 30 سم. +
Accompanying material CD.
336 ## - CONTENT TYPE
Content type term text
Source rda content
337 ## - MEDIA TYPE
Media type term Unmediated
Source rdamedia
338 ## - CARRIER TYPE
Carrier type term volume
Source rdacarrier
502 ## - DISSERTATION NOTE
Dissertation note أطروحة (ماجستير)-جامعة القاهرة، 2024.
504 ## - BIBLIOGRAPHY, ETC. NOTE
Bibliography, etc. note ببليوجرافيا: صفحات 132-152.
520 ## - SUMMARY, ETC.
Summary, etc. الهدف: تعتبر ممارسات المسؤولية الاجتماعية ضرورية في المجتمع، وبصفه خاصة في مراكز تأهيل الأطفال ذوي الاحتياجات الخاصة، ويتمثل الغرض من هذه الدراسة في التعرف على أثر ممارسات المسؤولية الاجتماعية بأبعادها (المسؤولية الاقتصادية، المسؤولية القانونية، المسؤولية الأخلاقية، المسؤولية الخيرية) على الأداء التنظيمي بأبعاده (الأداء المالي، الأداء التشغيلي). - المنهجية: تم استخدام المنهج الوصفي التحليلي الإحصائي لدراسة العلاقة بين المتغيرات، وتم الاعتماد على قائمة الاستقصاء كأداة لجمع البيانات، وتم تحديد مجتمع البحث وهو مديرين مراكز تأهيل الأطفال ذوي الاحتياجات الخاصة، وتمثل المجتمع في (68) مركزًا، وتم الحصول على (303) استجابة من مديرين مراكز تأهيل الأطفال ذوي الاحتياجات الخاصة، وتم استخدام التحليل الإحصائي. Smart PLSبالاعتماد علي برنامج - النتائج: توصلت الدراسة إلى أن هناك تأثيراً إيجابيًّا لممارسات المسؤولية الاجتماعية على الأداء التنظيمي في مراكز تأهيل الأطفال ذوي الاحتياجات الخاصة بالقطاع الصحي. - التوصيات: تقترح الباحثة مجموعة من التوصيات أهمها: إنشاء هيئة مستقلة للمسؤولية الاجتماعية تابعة لرئاسة مجلس الوزراء المصري، تسعي لتعزيز ثقافة المسؤولية الاجتماعية وتطبيق ممارساتها داخل الهيئات والجهات والمراكز الرسمية المصرية.
520 ## - SUMMARY, ETC.
Summary, etc. Purpose: This study aimed to examin the impact of corporate social responsibility (CSR) ( economic, legal, ethical, and philanthropic practices) on the organizational performance ( financial and operational performance) in rehabilitation centers for children with special needs. -Methodology: A descriptive-analytical research methedology was employed to investigate the relationship between the selected variables. The population for this study was the managers working in the rehabilitation centers for children with special needs in Great Cairo ( the total number of these centers is 68). However, the valid-collected questionnaires was 303. Smart PLS was used for statistical analysis.-Results: This study found that there is a positive effect for CSR practices on organizational performance in rehabilitation centers for children with special needs. -Recommendations:Researcher provided several recommendations.,including establishment of an independent institution under the Egyptian Cabinet responsible for promoting CSR culture and implementing its practices within Egyptian government agencies, institutions, and centers.
530 ## - ADDITIONAL PHYSICAL FORM AVAILABLE NOTE
Issues CD صدر أيضًا كقرص مدمج.
546 ## - LANGUAGE NOTE
Text Language النص بالعربية والملخص باللغة الإنجليزية والعربية.
650 #7 - SUBJECT ADDED ENTRY--TOPICAL TERM
Topical term or geographic name entry element ادارة الاعمال
Source of heading or term qrmak
650 #7 - SUBJECT ADDED ENTRY--TOPICAL TERM
Topical term or geographic name entry element الاطفال الشواذ
653 #0 - INDEX TERM--UNCONTROLLED
Uncontrolled term المسؤولية الاجتماعية
-- الأداء التنظيمي
-- مراكز تأهيل الأطفال ذوي الاحتياجات الخاصة
700 0# - ADDED ENTRY--PERSONAL NAME
Personal name رغدة أبو السعود أحمد يونس
Relator term مشرف أطروحة.
700 0# - ADDED ENTRY--PERSONAL NAME
Personal name هند محمد نجيب
Relator term مشرف أطروحة.
900 ## - Thesis Information
Grant date 16-11-2024
Supervisory body رغدة أبو السعود أحمد يونس
-- هند محمد نجيب
Discussion body عبد العزيز عبد التواب هاشم
-- هبة محمد عادل
Universities جامعة القاهرة
Faculties كلية التجارة
Department قسم ادارة الاعمال
905 ## - Cataloger and Reviser Names
Cataloger Name Sara Salah
Reviser Names Afaf
942 ## - ADDED ENTRY ELEMENTS (KOHA)
Source of classification or shelving scheme Dewey Decimal Classification
Koha item type Thesis
Edition 21
Suppress in OPAC No
Holdings
Source of classification or shelving scheme Home library Current library Date acquired Inventory number Full call number Barcode Date last seen Effective from Koha item type
Dewey Decimal Classification المكتبة المركزبة الجديدة - جامعة القاهرة قاعة الرسائل الجامعية - الدور الاول 13.01.2026 32880 Cai01.05.01.M.Sc.2024.رن.أ 01010100032880000 13.01.2026 13.01.2026 Thesis
Cairo University Libraries Portal Implemented & Customized by: Eng. M. Mohamady Contacts: new-lib@cl.cu.edu.eg | cnul@cl.cu.edu.eg
CUCL logo CNUL logo
© All rights reserved — Cairo University Libraries
CUCL logo
Implemented & Customized by: Eng. M. Mohamady Contact: new-lib@cl.cu.edu.eg © All rights reserved — New Central Library
CNUL logo
Implemented & Customized by: Eng. M. Mohamady Contact: cnul@cl.cu.edu.eg © All rights reserved — Cairo National University Library